Manual de psicopedagogia experimental (Registo nº 25826)

Detalhes MARC
000 -Etiqueta do registo
Valores 00638nam a2200229 4500
090 ## -
-- 25826
100 ## - Dados gerais de processamento
Dados gerais 19870501d1980 m y0pory5003
102 ## - País de publicação
-- PT
101 1# - Língua de publicação
-- por
-- fre
205 ## - Menção da edição
Edição 1ª ed
200 1# - Titulo e menção de responsabilidade
Título próprio Manual de psicopedagogia experimental
Primeira menção de responsabilidade Antoine Léon... [et al.]
Outras menções de responsabilidade trad. J. Baptista
215 ## - Descrição física 
Paginação / Volumes 341, [2] p.
Dimensões 23 cm
210 ## - Publicação
Local de publicação Lisboa
Nome do editor Moraes
Data de publicação 1980
225 2# - Colecção 
Título próprio da colecção Psicologia e pedagogia
300 ## - Notas gerais 
Texto da nota Tit. orig. Manuel de psychopédagogie experimentale
675 ## - CDU
Notação 37
Edição med
Língua por
702 #1 - Autor secundário (pessoa individual)
Apelido Baptista
Nome J.
-- 730
701 #1 - Co-autor principal (pessoa individual)
Apelido Léon
Nome Antoine
-- 070
930 ## -
-- BECRE
990 ## - Elementos KOHA
Tipo de documento Livro
995 ## - Localização e informação dos exemplares
-- 18
Exemplares
Situação do levantamento Estado Biblioteca de origem Biblioteca de empréstimo Código de barras Cota Permissão de empréstimo Tipo de documento
  Completo Biblioteca da Escola Básica e Secundária Dr Isidoro de Sousa Biblioteca da Escola Básica e Secundária Dr Isidoro de Sousa 1756EV 159.9 PED Disponível Livro




Powered by Koha